[Event "Sao Paulo Carnaval op"]
[Site "Sao Paulo"]
[Date "2019.03.03"]
[Round "4"]
[White "Federzoni, Enzo"]
[Black "Hara, Aroldo Hiroiuqui"]
[Result "1-0"]
[WhiteElo "2019"]
[BlackElo "1836"]
[PlyCount "83"]
[EventDate "2019.03.02"]
[EventType "swiss"]
[EventRounds "7"]
[EventCountry "BRA"]
[SourceTitle "EXT 2020"]
[Source "ChessBase"]
[SourceDate "2019.10.17"]
[SourceVersion "1"]
[SourceVersionDate "2019.10.17"]
[SourceQuality "1"]

1. e4 d6 2. d4 c6 3. Nc3 Qc7 4. Nf3 e5 5. Bc4 h6 6. Be3 Nf6 7. a3 Be7 8. h3 Nbd7 9. Qd2 b5 10. Bb3 a5 11. d5 Bb7 12. dxc6 Bxc6 13. Bd5 Rc8 14. 0-0 Nc5 15. Bxc5 dxc5 16. Bxc6+ Qxc6 17. Nxe5 Qb7 18. Rad1 0-0 19. Nd5 Rfe8 20. Rfe1 b4 21. a4 Bd8 22. Nc4 Qc6 23. e5 Nxd5 24. Qxd5 Qxd5 25. Rxd5 Re6 26. Red1 Be7 27. f4 g6 28. g4 f5 29. gxf5 gxf5 30. R1d2 Kh7 31. Rd7 Kg6 32. Rg2+ Kh5 33. Rg7 Bh4 34. Nd6 Rf8 35. b3 Be1 36. Kg2 Bc3 37. Nc4 Kh4 38. Rd6 Rxd6 39. Nxd6 Bd2 40. e6 Bc3 41. Rg6 h5 42. e7 1-0

[Event "Pocos de Caldas op"]
[Site "Pocos de Caldas"]
[Date "2019.02.09"]
[Round "3"]
[White "Hara, Aroldo Hiroiuqui"]
[Black "De Carvalho, Jose Jorge"]
[Result "0-1"]
[WhiteElo "1857"]
[BlackElo "2174"]
[PlyCount "36"]
[EventDate "2019.02.08"]
[EventType "swiss"]
[EventRounds "6"]
[EventCountry "BRA"]
[SourceTitle "CBM 188 Extra"]
[Source "ChessBase"]
[SourceDate "2019.02.26"]
[SourceVersion "1"]
[SourceVersionDate "2019.02.26"]
[SourceQuality "1"]

1. d4 d5 2. Nf3 Bf5 3. Bf4 e6 4. e3 Bd6 5. Bg3 Nf6 6. Bd3 Bg4 7. Nbd2 Nbd7 8. Bxd6 cxd6 9. h3 Bh5 10. g4 Bg6 11. Bxg6 hxg6 12. Ng1 Qb6 13. b3 Qa5 14. g5 Ne4 15. f3 Nc3 16. Qc1 Rc8 17. Kf1 e5 18. Nb1 e4 0-1

[Event "Pocos de Caldas op"]
[Site "Pocos de Caldas"]
[Date "2019.02.09"]
[Round "4"]
[White "Lima, Aine Carolina"]
[Black "Hara, Aroldo Hiroiuqui"]
[Result "1/2-1/2"]
[WhiteElo "1551"]
[BlackElo "1857"]
[PlyCount "73"]
[EventDate "2019.02.08"]
[EventType "swiss"]
[EventRounds "6"]
[EventCountry "BRA"]
[SourceTitle "CBM 189 Extra"]
[Source "ChessBase"]
[SourceDate "2019.06.03"]
[SourceVersion "1"]
[SourceVersionDate "2019.06.03"]
[SourceQuality "1"]

1. e4 g6 2. Nc3 Bg7 3. d4 d6 4. Bc4 Nf6 5. Bg5 0-0 6. Nge2 a6 7. f3 Nbd7 8. 0-0 c6 9. Bb3 b5 10. Qd2 a5 11. a3 Re8 12. Ng3 Qc7 13. Nce2 e5 14. c3 c5 15. d5 c4 16. Bc2 a4 17. Be3 Nc5 18. Nc1 h5 19. Na2 Nb3 20. Bxb3 axb3 21. Nb4 h4 22. Nh1 Nh5 23. Bg5 h3 24. g3 f6 25. Be3 g5 26. g4 Nf4 27. Bxf4 gxf4 28. Nf2 Qb6 29. Kh1 Kf7 30. Nxh3 Rh8 31. Kg2 Bd7 32. Nf2 Rh7 33. Rh1 Rah8 34. h3 Rh4 35. Rag1 Bh6 36. Qe2 Bg5 37. Kf1 1/2-1/2

[Event "BRA-ch Amateur U2000"]
[Site "Sao Paulo"]
[Date "2016.05.28"]
[Round "6"]
[White "Hara, Aroldo Hiroiuqui"]
[Black "Duailibe, Ricardo Miguel"]
[Result "1/2-1/2"]
[WhiteElo "1822"]
[BlackElo "1900"]
[PlyCount "44"]
[EventDate "2016.05.26"]
[EventType "swiss"]
[EventRounds "7"]
[EventCountry "BRA"]
[SourceTitle "EXT 2019"]
[Source "ChessBase"]
[SourceDate "2018.10.10"]
[SourceVersion "1"]
[SourceVersionDate "2018.10.10"]
[SourceQuality "1"]

1. d4 Nf6 2. Nf3 c5 3. e3 cxd4 4. exd4 g6 5. Be2 Bg7 6. 0-0 0-0 7. c3 d6 8. h3 Nbd7 9. Bf4 b6 10. Qc1 Bb7 11. Bh6 Rc8 12. Bxg7 Kxg7 13. Nbd2 e5 14. dxe5 dxe5 15. Re1 Re8 16. Qc2 Nc5 17. Bb5 Ncd7 18. Rad1 Qc7 19. Ng5 a6 20. Bxd7 Nxd7 21. Nde4 h6 22. Nf3 Re6 1/2-1/2

[Event "Sao Paulo Salles Cup 7th"]
[Site "Sao Paulo"]
[Date "2016.03.19"]
[Round "4"]
[White "Hara, Aroldo Hiroiuqui"]
[Black "Itagyba, Renan Fortes"]
[Result "1/2-1/2"]
[WhiteElo "1827"]
[BlackElo "1614"]
[PlyCount "76"]
[EventDate "2016.03.18"]
[EventType "swiss"]
[EventRounds "6"]
[EventCountry "BRA"]
[SourceTitle "CBM 171 Extra"]
[Source "ChessBase"]
[SourceDate "2016.04.26"]
[SourceVersion "1"]
[SourceVersionDate "2016.04.26"]
[SourceQuality "1"]

1. d4 d5 2. Nf3 Nf6 3. Bf4 Bf5 4. e3 e6 5. Nbd2 Bd6 6. c3 Bxf4 7. exf4 Nbd7 8. Ne5 Nxe5 9. fxe5 Nd7 10. g4 Bg6 11. h4 h6 12. Qb3 Nb6 13. a4 a5 14. f4 c6 15. Bg2 Qc7 16. Bh3 Nd7 17. Nf3 Be4 18. Rf1 0-0-0 19. Nd2 Bd3 20. Rf3 Ba6 21. Qa3 c5 22. b4 cxb4 23. cxb4 axb4 24. Qxb4 Qb6 25. Qc3+ Kb8 26. Rb1 Qc7 27. Qb4 Rc8 28. Rfb3 Ka8 29. Bf1 Rb8 30. Rc3 Qd8 31. Qd6 Qxh4+ 32. Kd1 Qxg4+ 33. Kc2 Bxf1 34. Nxf1 Rhc8 35. Rc7 Qxf4 36. Rb5 Qe4+ 37. Kc1 Qe1+ 38. Kc2 Qe4+ 1/2-1/2

[Event "Pan American Amateur-ch"]
[Site "Curitiba"]
[Date "2015.12.18"]
[Round "5"]
[White "Hara, Aroldo Hiroiuqui"]
[Black "Mileski, Lucas de Souza"]
[Result "1/2-1/2"]
[WhiteElo "1852"]
[BlackElo "1611"]
[PlyCount "47"]
[EventDate "2015.12.16"]
[EventType "swiss"]
[EventRounds "9"]
[EventCountry "BRA"]
[SourceTitle "CBM 170 Extra"]
[Source "ChessBase"]
[SourceDate "2016.02.25"]
[SourceVersion "1"]
[SourceVersionDate "2016.02.25"]
[SourceQuality "1"]

1. d4 Nf6 2. Nf3 d5 3. Bf4 e6 4. e3 Bd6 5. Nbd2 0-0 6. Bd3 c5 7. Bxd6 Qxd6 8. c3 Nc6 9. h3 cxd4 10. exd4 Bd7 11. 0-0 Rae8 12. Re1 e5 13. dxe5 Nxe5 14. Nxe5 Rxe5 15. Rxe5 Qxe5 16. Nf3 Qc7 17. Qc2 Re8 18. Re1 Rxe1+ 19. Nxe1 Qf4 20. Qe2 g6 21. Nf3 Ne4 22. Nd4 Qc1+ 23. Kh2 Qf4+ 24. Kg1 1/2-1/2

[Event "Pan American Amateur-ch"]
[Site "Curitiba"]
[Date "2015.12.17"]
[Round "3"]
[White "Hara, Aroldo Hiroiuqui"]
[Black "Zimmermann, Kleber Renato P"]
[Result "1/2-1/2"]
[WhiteElo "1852"]
[BlackElo "1925"]
[PlyCount "53"]
[EventDate "2015.12.16"]
[EventType "swiss"]
[EventRounds "9"]
[EventCountry "BRA"]
[SourceTitle "CBM 170 Extra"]
[Source "ChessBase"]
[SourceDate "2016.02.25"]
[SourceVersion "1"]
[SourceVersionDate "2016.02.25"]
[SourceQuality "1"]

1. d4 Nf6 2. Nf3 g6 3. c4 c5 4. Nc3 cxd4 5. Nxd4 Bg7 6. e4 d6 7. Be2 0-0 8. 0-0 Nc6 9. Be3 Nxd4 10. Bxd4 a6 11. Qd2 Bd7 12. f3 Bc6 13. Rfd1 Nd7 14. Bxg7 Kxg7 15. Nd5 Bxd5 16. exd5 Qb6+ 17. Kh1 Rfc8 18. f4 f5 19. b3 Nf6 20. Bf3 Qd8 21. Re1 Rc7 22. Re6 b5 23. Rae1 bxc4 24. bxc4 Raa7 25. Rc1 Qb8 26. Rce1 Qd8 27. Rc1 1/2-1/2

[Event "Rio Claro IRT U2200 3rd"]
[Site "Rio Claro"]
[Date "2015.11.22"]
[Round "4.3"]
[White "Hara, Aroldo Hiroiuqui"]
[Black "Cardozo, Matheus Santos"]
[Result "1-0"]
[WhiteElo "1817"]
[BlackElo "1824"]
[PlyCount "121"]
[EventDate "2015.11.21"]
[EventType "swiss"]
[EventRounds "5"]
[EventCountry "BRA"]
[SourceTitle "EXT 2022"]
[Source "ChessBase"]
[SourceDate "2021.10.06"]
[SourceVersion "1"]
[SourceVersionDate "2021.10.06"]
[SourceQuality "1"]

1. d4 g6 2. Nf3 Nf6 3. c4 Bg7 4. Nc3 d6 5. h3 0-0 6. e4 e5 7. dxe5 dxe5 8. Qc2 Re8 9. Be3 c6 10. Rd1 Qc7 11. Be2 h6 12. Qc1 Kh7 13. g4 Qa5 14. Kf1 Ng8 15. Rg1 Be6 16. h4 Na6 17. a3 Rad8 18. Rxd8 Qxd8 19. Bxa7 Qd7 20. Be3 Rd8 21. b4 Ne7 22. b5 Nb8 23. a4 Qc7 24. b6 Qd7 25. a5 Rh8 26. Na4 Na6 27. Nc5 Nxc5 28. Bxc5 Kg8 29. Nd2 f5 30. gxf5 gxf5 31. Qa3 Qxd2 32. Bxe7 fxe4 33. Rg3 Kh7 34. Qd6 Qxd6 35. Bxd6 Ra8 36. Bb4 Bf6 37. h5 Bg5 38. Ra3 Bc8 39. c5 Bd8 40. Bc4 Kg7 41. Rg3+ Bg5 42. Bc3 Kf6 43. Be2 Ke6 44. Bc4+ Kf6 45. Ke1 Kf5 46. Bf7 Kf6 47. Bg6 Bf5 48. Bxf5 Kxf5 49. Bb4 Ke6 50. Ra3 Ra6 51. Kd1 Kd5 52. Rc3 Be7 53. Kc2 Bg5 54. Kb3 Bh4 55. f3 Bg5 56. fxe4+ Kxe4 57. Kc2 Kf5 58. Rd3 Ke6 59. Rd6+ Ke7 60. Rxc6 Kd7 61. Rc7+ 1-0

[Event "Rio Claro IRT U2200 3rd"]
[Site "Rio Claro"]
[Date "2015.11.21"]
[Round "2.5"]
[White "Hara, Aroldo Hiroiuqui"]
[Black "Van Riemsdijk, Marius Rombout"]
[Result "1-0"]
[WhiteElo "1817"]
[BlackElo "1774"]
[PlyCount "57"]
[EventDate "2015.11.21"]
[EventType "swiss"]
[EventRounds "5"]
[EventCountry "BRA"]
[SourceTitle "EXT 2022"]
[Source "ChessBase"]
[SourceDate "2021.10.06"]
[SourceVersion "1"]
[SourceVersionDate "2021.10.06"]
[SourceQuality "1"]

1. d4 Nf6 2. Nf3 d5 3. Bf4 c5 4. e3 Nc6 5. c3 Bf5 6. Bd3 Bxd3 7. Qxd3 Qb6 8. Qc2 e6 9. Nbd2 Be7 10. h3 0-0 11. 0-0 Rac8 12. a3 cxd4 13. exd4 Nxd4 14. Nxd4 Qxd4 15. Be3 Qe5 16. Bxa7 Qd6 17. Be3 d4 18. Bg5 dxc3 19. bxc3 Qe5 20. Bxf6 Bxf6 21. c4 Qc3 22. Ra2 Rfd8 23. Ne4 Qxc4 24. Nxf6+ gxf6 25. Qb2 b5 26. Raa1 f5 27. Rac1 Qd5 28. Qf6 Qd4 29. Qxd4 1-0

[Event "Sao Paulo Karman Cup 2nd"]
[Site "Sao Paulo"]
[Date "2014.11.23"]
[Round "5"]
[White "Hara, Aroldo Hiroiuqui"]
[Black "Pastana, Rafael Pedroni"]
[Result "1/2-1/2"]
[WhiteElo "1794"]
[BlackElo "1930"]
[PlyCount "42"]
[EventDate "2014.11.21"]
[EventType "swiss"]
[EventRounds "6"]
[EventCountry "BRA"]
[SourceTitle "CBM 163 Extra"]
[Source "ChessBase"]
[SourceDate "2014.12.23"]
[SourceVersion "1"]
[SourceVersionDate "2014.12.23"]
[SourceQuality "1"]

1. d4 Nf6 2. c4 g6 3. Nc3 Bg7 4. e4 0-0 5. Bd3 d6 6. f3 e5 7. dxe5 dxe5 8. Nge2 c6 9. 0-0 Na6 10. Be3 Qe7 11. Qc1 Be6 12. b3 Nc5 13. Qa3 Nfd7 14. Na4 b6 15. Nxc5 Nxc5 16. Bxc5 Qxc5+ 17. Qxc5 bxc5 18. Rfd1 Rfd8 19. Bc2 Bf8 20. Nc3 Rd4 21. Ne2 Rdd8 1/2-1/2

[Event "Sao Paulo Karman Cup 2nd"]
[Site "Sao Paulo"]
[Date "2014.11.22"]
[Round "4"]
[White "Goncalves, Marcus Vinicius M"]
[Black "Hara, Aroldo Hiroiuqui"]
[Result "1/2-1/2"]
[WhiteElo "1958"]
[BlackElo "1794"]
[PlyCount "105"]
[EventDate "2014.11.21"]
[EventType "swiss"]
[EventRounds "6"]
[EventCountry "BRA"]
[SourceTitle "CBM 163 Extra"]
[Source "ChessBase"]
[SourceDate "2014.12.23"]
[SourceVersion "1"]
[SourceVersionDate "2014.12.23"]
[SourceQuality "1"]

1. d4 d5 2. c4 c6 3. Nc3 Nf6 4. Nf3 g6 5. Bf4 Bg7 6. e3 Nbd7 7. Be2 Nh5 8. Bg5 h6 9. Bh4 dxc4 10. Bxc4 Nb6 11. Bb3 g5 12. Ne5 Bxe5 13. Qxh5 e6 14. dxe5 gxh4 15. Ne4 Nd5 16. Nd6+ Kd7 17. Qxf7+ Qe7 18. Bxd5 cxd5 19. Rc1 Rh7 20. Qxe7+ Rxe7 21. 0-0 b6 22. b4 Kd8 23. Rc3 Bd7 24. Rfc1 h5 25. Rc7 Ba4 26. Rc8+ Rxc8 27. Rxc8+ Kd7 28. Ra8 Kc6 29. Rh8 Bd1 30. f3 Rg7 31. b5+ Kc5 32. a3 d4 33. exd4+ Kxd4 34. Kf2 Kxe5 35. Nc4+ Kf6 36. Rxh5 Rg5 37. Rxh4 Rxb5 38. Ne3 Rb2+ 39. Kg3 Be2 40. Rh6+ Ke5 41. Ng4+ Kd6 42. h4 b5 43. Nf2 a5 44. Ne4+ Kd7 45. h5 b4 46. axb4 Rxb4 47. Rh7+ Ke8 48. h6 Bd3 49. Nd6+ Kf8 50. Ra7 Rd4 51. Ne4 Bxe4 52. fxe4 Kg8 53. Kf4 1/2-1/2

[Event "Sao Paulo Big Fun op"]
[Site "Sao Paulo"]
[Date "2014.09.28"]
[Round "5"]
[White "Hara, Aroldo Hiroiuqui"]
[Black "Da Silva, Nelson Gil Alexandr"]
[Result "1-0"]
[WhiteElo "1839"]
[BlackElo "1781"]
[PlyCount "57"]
[EventDate "2014.09.25"]
[EventType "swiss"]
[EventRounds "6"]
[EventCountry "BRA"]
[SourceTitle "CBM 162 Extra"]
[Source "ChessBase"]
[SourceDate "2014.10.17"]
[SourceVersion "1"]
[SourceVersionDate "2014.10.17"]
[SourceQuality "1"]

1. d4 d5 2. Nf3 e6 3. Bf4 c5 4. e3 Nc6 5. c3 c4 6. Be2 Nf6 7. Nbd2 Bd6 8. Qc2 Bxf4 9. exf4 h6 10. Ne5 0-0 11. 0-0 Qc7 12. Rfe1 b5 13. Bf3 Bb7 14. g3 Qd6 15. Bg2 b4 16. Re2 a5 17. f5 Nd7 18. Nxd7 Qxd7 19. fxe6 fxe6 20. Rae1 Rfe8 21. Bh3 Nd8 22. Nf3 Bc8 23. Ne5 Qd6 24. Qg6 Re7 25. Bf5 Nf7 26. Qh7+ Kf8 27. Ng6+ Ke8 28. Qg8+ Kd7 29. Nxe7 1-0

[Event "Sao Bernardo do Campo LXSBC op"]
[Site "Sao Bernardo do Campo"]
[Date "2014.07.27"]
[Round "5"]
[White "Caldeira, Tiago Pereira"]
[Black "Hara, Aroldo Hiroiuqui"]
[Result "1-0"]
[WhiteElo "1999"]
[BlackElo "1824"]
[PlyCount "83"]
[EventDate "2014.07.25"]
[EventType "swiss"]
[EventRounds "6"]
[EventCountry "BRA"]
[SourceTitle "EXT 2016"]
[Source "ChessBase"]
[SourceDate "2015.10.08"]
[SourceVersion "1"]
[SourceVersionDate "2015.10.08"]
[SourceQuality "1"]

1. d4 Nf6 2. c4 e6 3. Nc3 b6 4. e4 Bb4 5. Bd3 Bb7 6. f3 d6 7. Nge2 e5 8. d5 Bxc3+ 9. Nxc3 Nbd7 10. 0-0 Qe7 11. b4 a6 12. Be3 c5 13. a3 0-0 14. f4 exf4 15. Bxf4 Ne5 16. Bg5 h6 17. Bxf6 gxf6 18. bxc5 bxc5 19. Ra2 Bc8 20. Be2 Kh7 21. Rf4 Rg8 22. Qf1 f5 23. exf5 f6 24. Rb2 Ra7 25. Ne4 Qf8 26. Rb6 Rag7 27. g3 Rd7 28. Rh4 Qd8 29. Qc1 Nf7 30. Bh5 Ng5 31. Qb2 Kg7 32. Nxg5 hxg5 33. Re4 Re7 34. Rxe7+ Qxe7 35. Qe2 Qd8 36. Rb2 Kf8 37. Rb8 Kg7 38. Bg6 Qc7 39. Rb3 Rd8 40. Re3 Kf8 41. h4 Qg7 42. Re8+ 1-0

[Event "Sao Bernardo do Campo LXSBC op"]
[Site "Sao Bernardo do Campo"]
[Date "2014.07.27"]
[Round "6"]
[White "Hara, Aroldo Hiroiuqui"]
[Black "Ikejiri, Daniel Yoshito"]
[Result "1/2-1/2"]
[WhiteElo "1824"]
[BlackElo "1885"]
[PlyCount "91"]
[EventDate "2014.07.25"]
[EventType "swiss"]
[EventRounds "6"]
[EventCountry "BRA"]
[SourceTitle "EXT 2016"]
[Source "ChessBase"]
[SourceDate "2015.10.08"]
[SourceVersion "1"]
[SourceVersionDate "2015.10.08"]
[SourceQuality "1"]

1. Nf3 Nf6 2. d4 b6 3. e3 Bb7 4. Be2 e6 5. c4 d5 6. cxd5 exd5 7. 0-0 Bd6 8. Nbd2 0-0 9. b3 Nbd7 10. Bb2 Qe7 11. Rc1 Rac8 12. Rc2 Rfe8 13. Qb1 Ne4 14. Nxe4 dxe4 15. Nd2 Qh4 16. g3 Qh3 17. Qd1 f5 18. Re1 Re6 19. Bc4 Rce8 20. Qe2 Kh8 21. Bxe6 Rxe6 22. Qf1 Qh5 23. Qg2 Ba6 24. Nc4 Bb4 25. Rec1 Nf6 26. h3 Nd5 27. Ne5 Bd6 28. g4 Qe8 29. gxf5 Rh6 30. Qxe4 Nf6 31. Qg2 Bc8 32. Ng4 Rh5 33. Nxf6 gxf6 34. d5 Be5 35. Bxe5 Qxe5 36. Rxc7 Rg5 37. Rxc8+ Kg7 38. Qxg5+ fxg5 39. R1c6 Qxf5 40. R8c7+ Kg8 41. Re6 Kf8 42. Rc8+ Kf7 43. Rc7+ Kf8 44. Rh6 Qb1+ 45. Kg2 Qf5 46. Rhxh7 1/2-1/2

[Event "Sao Paulo LXSBC 1st Etapa"]
[Site "Sao Paulo"]
[Date "2014.06.07"]
[Round "5.6"]
[White "Hara, Aroldo Hiroiuqui"]
[Black "Nascimento, Jose Eduardo Campos"]
[Result "1/2-1/2"]
[WhiteElo "1872"]
[BlackElo "1858"]
[PlyCount "159"]
[EventDate "2014.06.07"]
[EventType "swiss"]
[EventRounds "6"]
[EventCountry "BRA"]
[SourceTitle "EXT 2022"]
[Source "ChessBase"]
[SourceDate "2021.10.06"]
[SourceVersion "1"]
[SourceVersionDate "2021.10.06"]
[SourceQuality "1"]

1. d4 b5 2. Nf3 Bb7 3. e3 a6 4. b3 e6 5. Bb2 Nf6 6. Bd3 Bb4+ 7. c3 Be7 8. Nbd2 d5 9. Qc2 h6 10. Ne5 Nbd7 11. h3 Rc8 12. Ndf3 c5 13. 0-0 c4 14. Be2 0-0 15. bxc4 bxc4 16. a4 Qc7 17. Rfb1 Rfe8 18. Bc1 Nf8 19. Bd2 Ne4 20. Be1 f6 21. Ng4 h5 22. Ngh2 Bc6 23. Nd2 Nxd2 24. Qxd2 Bd6 25. Nf1 h4 26. f4 Rb8 27. Rxb8 Rxb8 28. Bxh4 Be8 29. Bd1 Bg6 30. Nh2 Qb6 31. Ra2 Bb1 32. Ra1 Qb2 33. Qxb2 Rxb2 34. Nf3 Bc2 35. Bxc2 Rxc2 36. Be1 Ng6 37. Rb1 Ba3 38. Rb6 Nf8 39. Rxa6 Bc1 40. Bf2 Rxc3 41. Ra8 Bxe3 42. Bxe3 Rxe3 43. Kf2 Ra3 44. Nh4 Kf7 45. Ra7+ Ke8 46. a5 c3 47. Ke2 c2 48. Kd2 Rc3 49. Kc1 g5 50. fxg5 fxg5 51. Nf3 Nd7 52. Ne1 e5 53. dxe5 Nxe5 54. Nxc2 Nc6 55. Ra8+ Kd7 56. Kd2 Rg3 57. Ne1 Ra3 58. a6 Kc7 59. Rg8 Ra2+ 60. Ke3 d4+ 61. Kd3 g4 62. hxg4 Rxa6 63. Nc2 Ra4 64. Rg7+ Kd6 65. Rg6+ Kd5 66. Kd2 Ne5 67. Rg8 Ke4 68. Nxd4 Rxd4+ 69. Ke2 Kf4 70. g3+ Kxg3 71. Ke3 Ra4 72. g5 Kg4 73. g6 Kf5 74. g7 Re4+ 75. Kd2 Kg6 76. Rf8 Kxg7 77. Rf1 Kg6 78. Kc3 Kg5 79. Rf8 Rc4+ 80. Kd2 1/2-1/2

[Event "Sao Paulo LXSBC 1st Etapa"]
[Site "Sao Paulo"]
[Date "2014.06.??"]
[Round "4.7"]
[White "Teshima, Ricardo Yoshida"]
[Black "Hara, Aroldo Hiroiuqui"]
[Result "0-1"]
[WhiteElo "1810"]
[BlackElo "1872"]
[PlyCount "76"]
[EventDate "2014.06.07"]
[EventType "swiss"]
[EventRounds "6"]
[EventCountry "BRA"]
[SourceTitle "EXT 2022"]
[Source "ChessBase"]
[SourceDate "2021.10.06"]
[SourceVersion "1"]
[SourceVersionDate "2021.10.06"]
[SourceQuality "1"]

1. e4 c6 2. d4 d6 3. h3 Qc7 4. Nf3 e5 5. dxe5 dxe5 6. Bc4 Be7 7. Nc3 Nf6 8. b3 b5 9. Be2 Bb4 10. Bb2 Nxe4 11. Qd3 Bf5 12. Nh4 Nxf2 13. Qxf5 Nxh1 14. Qf3 0-0 15. 0-0-0 Qe7 16. Nf5 Qg5+ 17. Kb1 Bxc3 18. Bxc3 e4 19. Qxe4 Nf2 20. Qd4 Nxd1 21. h4 Nxc3+ 22. Qxc3 Qxf5 23. Bd3 Qd5 24. Qd2 Nd7 25. Qf2 Ne5 26. Be2 a5 27. h5 h6 28. g4 a4 29. g5 axb3 30. axb3 Qh1+ 31. Bf1 Qxh5 32. Kb2 Qd1 33. Kc3 Qa1+ 34. Kb4 Qa5+ 35. Kc5 Qa7+ 36. Kb4 Qxf2 37. c3 c5+ 38. Kxb5 Rfb8# 0-1

[Event "Rio Claro op"]
[Site "Rio Claro"]
[Date "2014.05.17"]
[Round "4"]
[White "Hara, Aroldo Hiroiuqui"]
[Black "Guerra, Filipe Tella"]
[Result "1/2-1/2"]
[WhiteElo "1872"]
[BlackElo "1841"]
[PlyCount "176"]
[EventDate "2014.05.16"]
[EventType "swiss"]
[EventRounds "6"]
[EventCountry "BRA"]
[SourceTitle "CBM 160 Extra"]
[Source "ChessBase"]
[SourceDate "2014.07.01"]
[SourceVersion "1"]
[SourceVersionDate "2014.07.01"]
[SourceQuality "1"]

1. Nf3 Nf6 2. d4 g6 3. c4 Bg7 4. Nc3 d5 5. e3 0-0 6. h3 c5 7. Be2 Nc6 8. 0-0 cxd4 9. exd4 Bf5 10. a3 Rc8 11. c5 Ne4 12. Bb5 a6 13. Bxc6 Rxc6 14. Qb3 Nxc3 15. Qxc3 Qd7 16. Bf4 f6 17. Rfe1 Be4 18. Nd2 Bf5 19. Re2 g5 20. Bh2 Re8 21. Rae1 Re6 22. Rxe6 Bxe6 23. b4 Bf7 24. Nf3 h5 25. Nd2 g4 26. hxg4 Qxg4 27. Nf1 Qg5 28. Qg3 Qxg3 29. Bxg3 e5 30. Rd1 e4 31. Bf4 f5 32. Ne3 Be6 33. Kf1 Kf7 34. Ke2 Bf6 35. g3 Kg6 36. Ng2 Bd7 37. Ke3 Rh8 38. Rh1 Bb5 39. Be5 Bxe5 40. dxe5 d4+ 41. Kd2 Re8 42. Nf4+ Kg5 43. Rxh5+ Kg4 44. e6 Bc4 45. Rh7 Kf3 46. Ke1 Bxe6 47. Nxe6 Rxe6 48. Rf7 Re5 49. Rxb7 e3 50. fxe3 Rxe3+ 51. Kd2 Rxa3 52. Rd7 Ke4 53. Re7+ Kd5 54. Rf7 Ra2+ 55. Kd3 Ra3+ 56. Kd2 Rxg3 57. Rxf5+ Ke4 58. Rf2 Rb3 59. Rf8 Rb2+ 60. Kc1 Rxb4 61. Ra8 Ra4 62. Kc2 Kd5 63. Kb3 Ra5 64. c6 Kxc6 65. Kc4 Ra4+ 66. Kd3 Kc5 67. Rc8+ Kb5 68. Rb8+ Ka5 69. Rd8 Rb4 70. Ra8 Kb5 71. Ra7 a5 72. Rc7 Kb6 73. Rc8 Kb7 74. Rc5 Ra4 75. Rb5+ Kc6 76. Rh5 Kb6 77. Rh8 Kc5 78. Rc8+ Kb4 79. Kxd4 Kb3+ 80. Kd3 Rb4 81. Rc3+ Kb2 82. Rc2+ Kb1 83. Rh2 Rb3+ 84. Kc4 Rb4+ 85. Kc3 Rb8 86. Rh5 Rc8+ 87. Kb3 Rb8+ 88. Ka4 Rb4+ 1/2-1/2

[Event "Iracemapolis op 4th"]
[Site "Iracemapolis"]
[Date "2013.11.09"]
[Round "4"]
[White "Dos Santos, Lucas Aparecido"]
[Black "Hara, Aroldo Hiroiuqui"]
[Result "0-1"]
[WhiteElo "2028"]
[BlackElo "1869"]
[PlyCount "68"]
[EventDate "2013.11.08"]
[EventType "swiss"]
[EventRounds "6"]
[EventCountry "BRA"]
[SourceTitle "CBM 157 Extra"]
[Source "ChessBase"]
[SourceDate "2013.12.19"]
[SourceVersion "1"]
[SourceVersionDate "2013.12.19"]
[SourceQuality "1"]

1. e4 c6 2. d4 d6 3. c4 Qc7 4. Nc3 e5 5. Nf3 Nf6 6. Be2 Be7 7. 0-0 0-0 8. Ne1 Ne8 9. Be3 f5 10. f3 f4 11. Bf2 Nd7 12. Rc1 a6 13. Nc2 Qd8 14. Kh1 Rf6 15. Qd2 Rh6 16. dxe5 Nxe5 17. Rfd1 Bh4 18. Qe1 Bxf2 19. Qxf2 Qg5 20. Ne1 Qh5 21. Qg1 Be6 22. b3 g5 23. g4 Qf7 24. Nc2 Rd8 25. Nd4 Bc8 26. Qg2 Rh4 27. Kg1 h5 28. Nf5 Bxf5 29. exf5 Nf6 30. gxh5 Qxh5 31. Rd4 Kf7 32. Rc2 Rh8 33. Bd1 Rh3 34. Rf2 g4 0-1

[Event "Sao Paulo Karman Memorial 1st"]
[Site "Sao Paulo"]
[Date "2013.10.27"]
[Round "6.2"]
[White "Hara, Aroldo Hiroiuqui"]
[Black "Goncalves, Marcus Vinicius M"]
[Result "1/2-1/2"]
[WhiteElo "1877"]
[BlackElo "1946"]
[PlyCount "32"]
[EventDate "2013.10.25"]
[EventType "swiss"]
[EventRounds "6"]
[EventCountry "BRA"]
[SourceTitle "EXT 2022"]
[Source "ChessBase"]
[SourceDate "2021.10.06"]
[SourceVersion "1"]
[SourceVersionDate "2021.10.06"]
[SourceQuality "1"]

1. d4 Nf6 2. Nf3 d6 3. Bg5 Nbd7 4. e3 c6 5. c4 Qc7 6. Nc3 e5 7. Bd3 Be7 8. 0-0 0-0 9. Bxf6 Nxf6 10. dxe5 dxe5 11. Qc2 Bg4 12. Be4 Rfe8 13. h3 Nxe4 14. hxg4 Nxc3 15. Qxc3 e4 16. Nh2 Bd6 1/2-1/2

[Event "Sao Paulo Karman Memorial 1st"]
[Site "Sao Paulo"]
[Date "2013.10.27"]
[Round "5.2"]
[White "Pastana, Rafael Pedroni"]
[Black "Hara, Aroldo Hiroiuqui"]
[Result "0-1"]
[WhiteElo "1860"]
[BlackElo "1877"]
[PlyCount "54"]
[EventDate "2013.10.25"]
[EventType "swiss"]
[EventRounds "6"]
[EventCountry "BRA"]
[SourceTitle "EXT 2022"]
[Source "ChessBase"]
[SourceDate "2021.10.06"]
[SourceVersion "1"]
[SourceVersionDate "2021.10.06"]
[SourceQuality "1"]

1. d4 Nf6 2. c4 g6 3. f3 Bg7 4. e4 d6 5. Nc3 0-0 6. Be3 c6 7. Nge2 e5 8. Qd2 Nbd7 9. h4 h5 10. g4 exd4 11. Nxd4 Ne5 12. 0-0-0 hxg4 13. f4 Nf3 14. Nxf3 gxf3 15. f5 Qa5 16. Bd3 Ng4 17. Bg5 b5 18. f6 Nxf6 19. Bh6 b4 20. Nb1 Bg4 21. Rdg1 Bh5 22. Bxg7 Kxg7 23. b3 Rfe8 24. Rg5 Re5 25. Rhg1 Qc5 26. Qb2 Qe3+ 27. Kc2 f2 0-1

[Event "Sao Paulo Karman Memorial 1st"]
[Site "Sao Paulo"]
[Date "2013.10.25"]
[Round "2.4"]
[White "Hara, Aroldo Hiroiuqui"]
[Black "Zeituni, Carlos Alberto"]
[Result "1-0"]
[WhiteElo "1877"]
[BlackElo "1800"]
[PlyCount "41"]
[EventDate "2013.10.25"]
[EventType "swiss"]
[EventRounds "6"]
[EventCountry "BRA"]
[SourceTitle "EXT 2022"]
[Source "ChessBase"]
[SourceDate "2021.10.06"]
[SourceVersion "1"]
[SourceVersionDate "2021.10.06"]
[SourceQuality "1"]

1. d4 d5 2. Nf3 Nf6 3. Bf4 Bf5 4. Nbd2 e6 5. e3 Bd6 6. c3 Bxf4 7. exf4 Qd6 8. g3 Bg4 9. Qb3 Qb6 10. Qxb6 axb6 11. Bg2 0-0 12. Ne5 Bf5 13. h3 Ne4 14. g4 Nxd2 15. gxf5 Nc4 16. Nxc4 dxc4 17. Bxb7 Ra7 18. Be4 exf5 19. Bxf5 Re8+ 20. Kd2 Nc6 21. Bd7 1-0